000 00852nam a22002057a 4500
005 20240604144143.0
010 _aHIN-127800
020 _c1000.00
_a9789394928305
035 _aHN-100146
037 _bDBAD
082 _a170.3
_21
100 _aश्रीचंदानी, सुरेश कुमार
_967333
245 _aआत्मोद्वार यात्रा विचार/
_cसुरेश कुमार श्रीचंदानी
250 _aप्रथम
260 _aअजमेर
_bपद्म्कान्ता प्रकाशन
_c2021
270 _a403/16, ठठेरा चौक
_bअजमेर
_e305001
300 _a105पृ.
_c21 सेमी.(अजिल्द)
650 _aहिन्दी
_967334
942 _2ddc
_h170.3
_cHN
_mश्रीचन्दा
999 _c203511
_d203511